Deutsch im Kindergarten [metodická príručka]

Podrobná bibliografia
Hlavný autor: Brídziková, Karolína (Autor)
Médium: Kniha
Jazyk:slovenčina
Fyzický popis:101 s. 21 cm
Vydavateľské údaje: Bratislava Carola 1996
ISBN:809675050X
Vydanie:2. upr. vyd.
Predmet:

MARC

LEADER 00000nam a2200000 a 4500
001 vtls001322014
003 SK-MaSNL
005 20260301005440.0
008 240318s1996 xo e r y slo
015 |a SNBA1998/05-01837 
020 |a 809675050X 
035 |a SNK000274685 
035 |a urn:nbn:sk:snk-amltjj 
035 |a urn:nbn:sk:snk-am00ccya 
035 |a 83AE7A62-2468-4867-96C4-33991119A2BA 
040 |a SNK  |b slo  |c SNK  |e AACR2 
041 0 |a slo 
044 |a xo  |c SK 
080 |a 372.3:803.0(072)  |2 1981 
080 |a 803.0(072)  |2 1981 
100 1 |a Brídziková, Karolína  |4 aut  |9 43050 
245 1 0 |a Deutsch im Kindergarten  |b [metodická príručka]  |c Karolína Brídziková 
250 |a 2. upr. vyd. 
260 |a Bratislava  |b Carola  |c 1996 
300 |a 101 s.  |c 21 cm 
504 |a Nem.-slov. slovník 
650 0 7 |a nemčina  |2 SNKPH  |9 1384 
650 0 7 |a didaktika nemeckého jazyka  |2 SNKPH  |9 71530 
650 0 7 |a materské školy  |2 SNKPH  |9 1278 
655 7 |a príručky  |2 SNKPH  |9 74364 
919 |a 80-967505-0-X 
958 |a TL 
958 |a OND 
999 |c 545203  |d 547133 
952 |t P60, <03>, [BOOK], {603}  |a SNK  |b SNK  |y PREZ  |7 0  |p 17A0125954  |o snkSB 58316/[3]  |i snkKSP 1889/98  |0 0  |1 0  |4 0  |d 1998-02-24  |f 1  |l 0  |r 2025-04-09 00:00:00  |w 2026-02-23 
952 |t P60, <04>, [BOOK], {604}  |a SNK  |b SNK  |y VYP  |7 0  |p 17A0125957  |o snkSB 58316/[3] D1  |i snkKSP 1890/98  |0 0  |1 0  |4 0  |d 1998-02-24  |l 0  |r 2005-01-02 00:00:00  |w 2026-02-23